[Event "II Aberto do Brasil de Maringa id. fide 69253 id. 
[Site "Maringa - Parana - Brasil"]
[Date "2012.08.10"]
[Round "5"]
[Board "5"]
[White "STAMENKOVIC, Dragan"]
[Black "RIOS FILHO, Hilton Carlos"]
[Result "1-0"]
[WhiteElo "2383"]
[BlackElo "2212"]
[PlyCount "109"]
[EventDate "2012.08.08"]
[EventRounds "9"]
[EventCountry "BRA"]

1. d4 g6 2. e4 Bg7 3. Nc3 c6 4. Nf3 d6 5. a4 a5 6. Bc4 Nf6 7. Qe2 d5 8. exd5
cxd5 9. Bb5+ Nc6 10. Ne5 Bd7 11. Be3 Rc8 12. O-O O-O 13. Nxd7 Qxd7 14. f3 Ne8
15. Rfd1 e6 16. Nb1 Nd6 17. c3 Qd8 18. Bd3 Na7 19. Na3 Qd7 20. Bf4 Ra8 21. h4
Nc6 22. h5 Rfe8 23. hxg6 hxg6 24. Nb5 e5 25. Nxd6 Qxd6 26. Bg3 Qf8 27. dxe5
Bxe5 28. Bxe5 Rxe5 29. Qf2 Rd8 30. Bb5 Ne7 31. Re1 Rxe1+ 32. Rxe1 Nc8 33. Qd4
b6 34. Kf1 Qd6 35. Kf2 Qc5 36. Ke3 Ne7 37. g4 f6 38. Kd3 Qxd4+ 39. Kxd4 Kf7 40.
b4 Rh8 41. Bd7 Rd8 42. Be6+ Kf8 43. b5 Kg7 44. f4 Rd6 45. Re2 Rd8 46. Re1 Rd6
47. f5 g5 48. Re2 Rd8 49. Rh2 Rd6 50. Rd2 Rd8 51. Ke3 Rh8 52. Bxd5 Nxd5+ 53.
Rxd5 Rh3+ 54. Kd2 Rh2+ 55. Kd3 1-0

[Event "II Aberto do Brasil de Maringa id. fide 69253 id. 
[Site "Maringa - Parana - Brasil"]
[Date "2012.08.10"]
[Round "5"]
[Board "7"]
[White "TSUBOI, Edson Kenji"]
[Black "CRUZ, William Ferreira Da"]
[Result "1-0"]
[WhiteElo "2308"]
[BlackElo "2188"]
[PlyCount "95"]
[EventDate "2012.08.08"]
[EventRounds "9"]
[EventCountry "BRA"]

1. c4 Nf6 2. g3 g6 3. Bg2 Bg7 4. Nc3 O-O 5. e4 d6 6. Nge2 e5 7. O-O Be6 8. d3
Qd7 9. b3 Bh3 10. f3 c6 11. d4 exd4 12. Nxd4 Re8 13. Re1 Bxg2 14. Kxg2 Na6 15.
Bb2 Nc5 16. Qd2 a5 17. Rad1 Qc7 18. Nc2 Qb6 19. Ba3 Rad8 20. Qe3 Bf8 21. Bxc5
Qxc5 22. Qxc5 dxc5 23. Rxd8 Rxd8 24. Rd1 Rxd1 25. Nxd1 Nd7 26. f4 Bg7 27. e5
Kf8 28. Kf3 Ke7 29. Nc3 f6 30. exf6+ Bxf6 31. Ne4 Bg7 32. g4 b5 33. cxb5 cxb5
34. Na3 c4 35. Nxb5 cxb3 36. axb3 Nb6 37. Nc5 Kf7 38. Ke4 Bf8 39. Na4 Nxa4 40.
bxa4 Ke6 41. Nd4+ Kd7 42. Kd5 Bd6 43. Ne6 g5 44. f5 Bxh2 45. Nxg5 h6 46. Nf3
Bf4 47. Ne5+ Ke7 48. Ng6+ 1-0

[Event "II Aberto do Brasil de Maringa id. fide 69253 id. 
[Site "Maringa - Parana - Brasil"]
[Date "2012.08.10"]
[Round "5"]
[Board "8"]
[White "OSIPI, Jair"]
[Black "CAVALCANTI, Francisco De Assis"]
[Result "1/2-1/2"]
[WhiteElo "2204"]
[BlackElo "2290"]
[PlyCount "26"]
[EventDate "2012.08.08"]
[EventRounds "9"]
[EventCountry "BRA"]

1. d4 Nf6 2. c4 c6 3. Nc3 d5 4. e3 g6 5. Nf3 Bg7 6. Be2 O-O 7. O-O Qb6 8. Qb3
Qxb3 9. axb3 Bf5 10. c5 Nbd7 11. b4 a6 12. h3 h6 13. Nh4 Bc2 $11 1/2-1/2

[Event "II Aberto do Brasil de Maringa id. fide 69253 id. 
[Site "Maringa - Parana - Brasil"]
[Date "2012.08.10"]
[Round "5"]
[Board "10"]
[White "CALCADO, Acyr Rogerio"]
[Black "BRITO, Luismar"]
[Result "1-0"]
[WhiteElo "2165"]
[BlackElo "2275"]
[PlyCount "47"]
[EventDate "2012.08.08"]
[EventRounds "9"]
[EventCountry "BRA"]

1. e4 c5 2. Nf3 Nc6 3. d4 cxd4 4. Nxd4 Nf6 5. Nc3 d6 6. Bg5 Bd7 7. Qd2 h6 8.
Bxf6 gxf6 9. O-O-O a6 10. f4 h5 11. Bc4 Rc8 12. Bb3 Na5 13. Kb1 Nc4 14. Bxc4
Rxc4 15. Nf5 b5 16. Rhe1 Be6 17. Nd5 Rc5 18. Nfe3 h4 19. e5 fxe5 20. fxe5 Bg7
21. exd6 Qxd6 22. Nf5 Bxf5 23. Nf6+ Kd8 24. Qa5+ 1-0

[Event "II Aberto do Brasil de Maringa id. fide 69253 id. 
[Site "Maringa - Parana - Brasil"]
[Date "2012.08.10"]
[Round "5"]
[Board "11"]
[White "CHEMIN, Justo Reinaldo"]
[Black "MARTINS, Carlos"]
[Result "1/2-1/2"]
[WhiteElo "2153"]
[BlackElo "2250"]
[PlyCount "23"]
[EventDate "2012.08.08"]
[EventRounds "9"]
[EventCountry "BRA"]

1. e4 e5 2. Nf3 Nc6 3. Bb5 f5 4. d3 fxe4 5. dxe4 Nf6 6. O-O Bc5 7. Bxc6 bxc6 8.
Nxe5 O-O 9. Nd3 Nxe4 10. Nxc5 Nxc5 11. Be3 Ne6 12. Qd3 $11 1/2-1/2

[Event "II Aberto do Brasil de Maringa id. fide 69253 id. 
[Site "Maringa - Parana - Brasil"]
[Date "2012.08.10"]
[Round "5"]
[Board "12"]
[White "MENNA BARRETO, Felipe Kubiaki"]
[Black "BRODAY, Geovani Allan"]
[Result "1/2-1/2"]
[WhiteElo "2247"]
[BlackElo "1899"]
[PlyCount "110"]
[EventDate "2012.08.08"]
[EventRounds "9"]
[EventCountry "BRA"]

1. d4 Nf6 2. Nf3 e6 3. Bg5 Be7 4. Nbd2 b6 5. e4 d6 6. Bd3 Bb7 7. O-O Nbd7 8.
Qe2 c5 9. dxc5 dxc5 10. Rad1 O-O 11. e5 Ne8 12. Ne4 Nc7 13. Bc1 Qc8 14. c4 Rd8
15. Nd6 Bxd6 16. Bxh7+ Kxh7 17. Ng5+ Kg8 18. exd6 g6 19. dxc7 Qxc7 20. b3 Nf8
21. Bb2 Qf4 22. h4 Nh7 23. Nxe6 fxe6 24. Qxe6+ Qf7 25. Qe5 Kf8 26. Rd6 Rxd6 27.
Qxd6+ Kg8 28. Qe5 Kf8 29. Re1 Rd8 30. Qh8+ Qg8 31. Qxg8+ Kxg8 32. Re7 Rd1+ 33.
Kh2 Bc6 34. Rg7+ Kf8 35. Rxh7 Rd2 36. Rc7 Be4 37. Bg7+ Kg8 38. Rxa7 Rxf2 39.
Kg3 Rxg2+ 40. Kf4 Bb1 41. Bh6 Bxa2 42. Rg7+ Kh8 43. Kf3 Rh2 44. Kg3 Rh1 45. Rb7
Bxb3 $11 46. Rxb6 Bxc4 47. Rc6 Rg1+ 48. Kf4 Be2 49. Rc8+ Kh7 50. Bg5 Rf1+ 51.
Ke3 Bg4 52. Rxc5 Rf5 53. Rc7+ Kh8 54. Ra7 Bh5 55. Re7 Kg8 $11 1/2-1/2

[Event "II Aberto do Brasil de Maringa id. fide 69253 id. 
[Site "Maringa - Parana - Brasil"]
[Date "2012.08.10"]
[Round "5"]
[Board "14"]
[White "MOLINA, Roberto Junio Brito"]
[Black "CARNEIRO, Vitor Roberto Castro"]
[Result "1/2-1/2"]
[WhiteElo "2423"]
[BlackElo "2002"]
[PlyCount "28"]
[EventDate "2012.08.08"]
[EventRounds "9"]
[EventCountry "BRA"]

1. d4 d5 2. c4 e6 3. Nf3 Nf6 4. Nc3 Be7 5. Bg5 O-O 6. e3 h6 7. Bh4 b6 8. cxd5
Nxd5 9. Bxe7 Qxe7 10. Nxd5 exd5 11. Be2 Be6 12. O-O c5 13. Rc1 Nd7 14. Qd2 Rfb8
{Ilegivel. Finalizada no lance 142.} 1/2-1/2

[Event "II Aberto do Brasil de Maringa id. fide 69253 id. 
[Site "Maringa - Parana - Brasil"]
[Date "2012.08.10"]
[Round "5"]
[Board "15"]
[White "GUIMARAES, Artemis Pamela"]
[Black "BUENO, Alfeu Junior Varela"]
[Result "1/2-1/2"]
[WhiteElo "1996"]
[BlackElo "2288"]
[PlyCount "65"]
[EventDate "2012.08.08"]
[EventRounds "9"]
[EventCountry "BRA"]

1. e4 e6 2. d4 d5 3. Nd2 c5 4. exd5 exd5 5. Ngf3 Nc6 6. Bb5 Nf6 7. O-O Be7 8.
dxc5 Bxc5 9. Nb3 Be7 10. Bg5 O-O 11. c3 Bg4 12. Re1 h6 13. Bh4 Ne4 14. Bxe7
Nxe7 15. Be2 a5 16. Nfd4 Bxe2 17. Qxe2 Nc6 18. Rad1 a4 19. Nxc6 bxc6 20. Nd4
Qb6 21. Nf5 Rfe8 22. h3 Kf8 23. Qg4 g6 24. Nxh6 Qxb2 25. Qf4 Kg7 26. Ng4 Qxc3
27. Rc1 Qd4 28. Qh6+ Kg8 29. Rxc6 Qg7 30. Rxe4 Rxe4 31. Nf6+ Kf8 32. Nh7+ Kg8
33. Nf6+ $11 1/2-1/2

[Event "II Aberto do Brasil de Maringa id. fide 69253 id. 
[Site "Maringa - Parana - Brasil"]
[Date "2012.08.10"]
[Round "5"]
[Board "16"]
[White "GONZALEZ, Bolivar Ribeiro"]
[Black "CEZAR JUNIOR, William Carlos"]
[Result "1-0"]
[WhiteElo "2257"]
[BlackElo "1973"]
[PlyCount "62"]
[EventDate "2012.08.08"]
[EventRounds "9"]
[EventCountry "BRA"]

1. e4 c5 2. Nf3 Nc6 3. d4 cxd4 4. Nxd4 Nf6 5. Nc3 e5 6. Ndb5 d6 7. Nd5 Nxd5 8.
exd5 Nb8 9. c4 Be7 10. Be3 O-O 11. Be2 a6 12. Nc3 Bg5 13. Qd2 Bxe3 14. Qxe3 f5
15. f4 Nd7 16. O-O exf4 17. Qe6+ Kh8 18. Qxd6 g5 19. Rae1 Rf6 20. Qb4 a5 21.
Qa3 Qb6+ 22. Kh1 Nc5 23. Na4 Nxa4 24. Qxa4 Qd6 25. Qe8+ Rf8 26. Qh5 g4 27. Qg5
f3 28. gxf3 Rg8 29. Qh4 g3 30. Rg1 f4 31. Bd3 h6 1-0

[Event "II Aberto do Brasil de Maringa id. fide 69253 id. 
[Site "Maringa - Parana - Brasil"]
[Date "2012.08.10"]
[Round "5"]
[Board "17"]
[White "PROUDIAN, Armen"]
[Black "ARAUJO, Renan Aparecido"]
[Result "1-0"]
[WhiteElo "2223"]
[BlackElo "1923"]
[PlyCount "69"]
[EventDate "2012.08.08"]
[EventRounds "9"]
[EventCountry "BRA"]

1. e4 c5 2. Nf3 d6 3. d4 cxd4 4. Nxd4 Nf6 5. Nc3 a6 6. Be3 e5 7. Nb3 Be6 8. Qd2
Nbd7 9. f4 exf4 10. Bxf4 Ne5 11. O-O-O Be7 12. Bd3 Ng6 13. Kb1 Nxf4 14. Qxf4
Qc7 15. Nd4 O-O 16. Nf5 Bxf5 17. exf5 Rac8 18. g4 Qa5 19. Bc4 Rc5 20. Bb3 Re8
21. Rhf1 d5 22. g5 Rxc3 23. gxf6 Bxf6 24. Qa4 Qxa4 25. Bxa4 b5 26. bxc3 bxa4
27. Rxd5 Rb8+ 28. Kc1 Bxc3 29. Rf3 Bf6 30. Ra5 Bg5+ 31. Kd1 Rb1+ 32. Ke2 Rb2
33. Rc3 h6 34. Rxa4 Rb5 35. Rxa6 1-0

[Event "II Aberto do Brasil de Maringa id. fide 69253 id. 
[Site "Maringa - Parana - Brasil"]
[Date "2012.08.10"]
[Round "5"]
[Board "18"]
[White "TASHIMA, Vanessa Kelly"]
[Black "CHEMIN, Vitorio"]
[Result "1-0"]
[WhiteElo "1902"]
[BlackElo "2205"]
[PlyCount "41"]
[EventDate "2012.08.08"]
[EventRounds "9"]
[EventCountry "BRA"]

1. e4 c5 2. c3 d5 3. exd5 Qxd5 4. d4 Nc6 5. Nf3 e5 6. Nxe5 Nxe5 7. dxe5 Qxe5+
8. Be3 Bd7 9. Qb3 Bc6 10. Bb5 Qe4 11. Nd2 Qxg2 12. O-O-O O-O-O 13. Rhg1 Qd5 14.
Nc4 Qe6 15. Rxd8+ Kxd8 16. Bxc6 bxc6 17. Qb8+ Ke7 18. Bxc5+ Kf6 19. Qd8+ Be7
20. Qd4+ Kf5 21. Qg4+ 1-0

[Event "II Aberto do Brasil de Maringa id. fide 69253 id. 
[Site "Maringa - Parana - Brasil"]
[Date "2012.08.10"]
[Round "5"]
[Board "19"]
[White "REIS, Nicolas Rodrigues Dos"]
[Black "UTIYAMA, Marcel Heimar Ribeiro"]
[Result "0-1"]
[WhiteElo "1897"]
[BlackElo "2126"]
[PlyCount "106"]
[EventDate "2012.08.08"]
[EventRounds "9"]
[EventCountry "BRA"]

1. d4 Nf6 2. c4 g6 3. Nc3 d5 4. Bg5 Ne4 5. Bh4 Nxc3 6. bxc3 dxc4 7. Rb1 Nd7 8.
e3 Nb6 9. Bxc4 Nxc4 10. Qa4+ Qd7 11. Qxc4 Qg4 12. Bg3 Qe4 13. Rb5 Qxg2 14. Qd5
Qxd5 15. Rxd5 b6 16. Rb5 Bb7 17. f3 Bg7 18. Kf2 O-O 19. Ne2 Rac8 20. h4 h5 21.
a4 Rfd8 22. Rb2 Rd5 23. Ra1 Rf5 24. f4 a5 25. Ke1 Rf6 26. Kd2 Bd5 27. Rab1 Rc6
28. Ra1 f5 29. Ng1 Rc4 30. Ne2 Bc6 31. Rba2 Be4 32. Rb2 Bf6 33. Be1 e6 34. Kd1
Bd8 35. Kd2 Kf7 36. Kd1 Ke7 37. Rba2 c6 38. Ng3 Bd5 39. Nf1 c5 40. Ke2 cxd4 41.
exd4 Bc6 42. Rc2 b5 43. Ne3 Rxa4 44. Rxa4 bxa4 45. Kd2 Bc7 46. Bg3 Rb8 47. Nd1
Kd6 48. Ra2 Kd5 49. Kd3 Bb5+ 50. Kd2 Ke4 51. c4 Bxc4 52. Rc2 Rb4 53. Nc3+ Kf3
0-1

[Event "II Aberto do Brasil de Maringa id. fide 69253 id. 
[Site "Maringa - Parana - Brasil"]
[Date "2012.08.10"]
[Round "5"]
[Board "20"]
[White "YANO, William Jorge Froes"]
[Black "CABRAL, Denrick"]
[Result "1-0"]
[WhiteElo "2124"]
[BlackElo "1896"]
[PlyCount "87"]
[EventDate "2012.08.08"]
[EventRounds "9"]
[EventCountry "BRA"]

1. e4 c5 2. Nc3 Nc6 3. f4 g6 4. Nf3 Bg7 5. Bc4 e6 6. f5 Nge7 7. fxg6 hxg6 8. d3
Qc7 9. Be3 Nd4 10. Qd2 a6 11. Qf2 b5 12. Bb3 Nxf3+ 13. gxf3 c4 14. dxc4 bxc4
15. Bd4 Bxd4 16. Qxd4 Rxh2 17. Rxh2 Qxh2 18. Bxc4 Nc6 19. Qf2 Qxf2+ 20. Kxf2
Nd4 21. Bd3 Bb7 22. Rh1 Ke7 23. Rh7 Rc8 24. Ke3 Nc6 25. f4 Nb4 26. e5 Nxd3 27.
cxd3 Rc7 28. Rh8 d6 29. Rb8 dxe5 30. fxe5 f6 31. d4 Kf7 32. Ne4 f5 33. Nc5 Bd5
34. Kf4 a5 35. b3 Kg7 36. Kg5 Rf7 37. Nd3 Rc7 38. Rd8 Rc3 39. Rd7+ Kf8 40. Nf4
Rg3+ 41. Kf6 Ke8 42. Rd6 g5 43. Nh5 Bg2 44. Ng7+ 1-0

[Event "II Aberto do Brasil de Maringa id. fide 69253 id. 
[Site "Maringa - Parana - Brasil"]
[Date "2012.08.10"]
[Round "5"]
[Board "21"]
[White "CALIXTO, Roberto Carlos"]
[Black "GONCALVES, Ivan Mesquita V"]
[Result "0-1"]
[WhiteElo "1874"]
[BlackElo "2116"]
[PlyCount "98"]
[EventDate "2012.08.08"]
[EventRounds "9"]
[EventCountry "BRA"]

1. e4 c5 2. Nf3 e6 3. d4 cxd4 4. Nxd4 Nf6 5. Nc3 Nc6 6. Be2 Bb4 7. f3 d5 8.
exd5 Nxd5 9. Nxc6 bxc6 10. Qd4 O-O 11. Bd2 e5 12. Qc4 Be6 13. Qd3 Rb8 14. O-O
Bc5+ 15. Kh1 Nf4 16. Qxd8 Rfxd8 17. Bxf4 exf4 18. Ne4 Be3 19. Rfd1 Rd5 20. c4
Rd4 21. Rxd4 Bxd4 22. Rb1 Rxb2 23. Rxb2 Bxb2 24. g4 Bd4 25. Bd3 h6 26. g5 h5
27. Kg2 Kf8 28. Nd6 g6 29. Ne4 Ke7 30. Kf1 Kd7 31. Kg2 Kc7 32. Kf1 Kb6 33. Nd2
Be3 34. Nb3 Bh3+ 35. Ke2 Bg1 36. c5+ Bxc5 37. Bc4 Be6 38. Bxe6 fxe6 39. Kd3 Bd6
40. Ke4 c5 41. Nd2 Kb5 42. Kd3 Bc7 43. h4 Ba5 44. Nc4 Be1 45. Ne5 Bxh4 46. Nxg6
Bxg5 47. Ke4 c4 48. Nf8 h4 49. Nxe6 h3 0-1

[Event "II Aberto do Brasil de Maringa id. fide 69253 id. 
[Site "Maringa - Parana - Brasil"]
[Date "2012.08.10"]
[Round "5"]
[Board "22"]
[White "SAKADA, Carolina Contrera"]
[Black "DE ANDRADE, Osvaldo Cezar G"]
[Result "0-1"]
[WhiteElo "1868"]
[BlackElo "2110"]
[PlyCount "86"]
[EventDate "2012.08.08"]
[EventRounds "9"]
[EventCountry "BRA"]

1. e4 c5 2. f4 g6 3. Nf3 Bg7 4. c3 Nc6 5. g3 d5 6. e5 Bg4 7. Bg2 e6 8. O-O Nge7
9. d3 Qb6 10. Nbd2 Bf5 11. Qe2 c4+ 12. Qf2 Bxd3 13. Qxb6 axb6 14. Re1 h5 15.
Bf1 Bxf1 16. Nxf1 Nf5 17. Ne3 Bf8 18. Nxf5 gxf5 19. Be3 Bc5 20. a3 Ke7 21. Rad1
Ra5 22. Re2 Rb5 23. Bd4 Rb3 24. Kf2 Kd7 25. Bxc5 bxc5 26. Rc2 Na5 27. Ng5 Ke7
28. Nf3 Rb6 29. h4 Nb3 30. Kg2 Kf8 31. Kf2 Kg7 32. Re2 Ra6 33. Kg2 b5 34. Nd2
Nxd2 35. Rexd2 Rb8 36. Rc2 b4 37. axb4 cxb4 38. cxb4 Rxb4 39. Rd4 Rb3 40. Rdd2
Ra2 41. Kf2 Kf8 42. Re2 Ke7 43. Re3 Rbxb2 0-1

[Event "II Aberto do Brasil de Maringa id. fide 69253 id. 
[Site "Maringa - Parana - Brasil"]
[Date "2012.08.10"]
[Round "5"]
[Board "25"]
[White "GONCALVES, Jorge Roberto"]
[Black "LUCCI, Bruno Wendorff"]
[Result "1-0"]
[WhiteElo "2057"]
[BlackElo "1877"]
[PlyCount "63"]
[EventDate "2012.08.08"]
[EventRounds "9"]
[EventCountry "BRA"]

1. d4 e6 2. e3 c5 3. c3 Nf6 4. Bd3 b6 5. f4 Bb7 6. Nf3 Be4 7. O-O d5 8. Bb5+
Nbd7 9. Ne5 Bd6 10. Qa4 Bxe5 11. fxe5 a6 12. Bc6 b5 13. Qd1 Rc8 14. Bb7 Rb8 15.
Bxa6 Qb6 16. exf6 gxf6 17. Qg4 Ke7 18. Rf2 Qxa6 19. Nd2 Bd3 20. b3 b4 21. cxb4
cxb4 22. e4 Rbg8 $11 23. Qh4 dxe4 24. Nxe4 Bxe4 25. Qxe4 h5 26. Bd2 Qd6 27. Re1
Rg4 28. Bf4 Qb6 29. h3 Rg6 30. d5 e5 31. Be3 Nc5 32. Qc4 1-0

[Event "II Aberto do Brasil de Maringa id. fide 69253 id. 
[Site "Maringa - Parana - Brasil"]
[Date "2012.08.10"]
[Round "5"]
[Board "26"]
[White "RAPOUSO, Ricardo Luis Borba"]
[Black "REZENDE, Guilherme Vilela"]
[Result "0-1"]
[WhiteElo "1852"]
[BlackElo "2049"]
[PlyCount "102"]
[EventDate "2012.08.08"]
[EventRounds "9"]
[EventCountry "BRA"]

1. d4 Nf6 2. c4 g6 3. Nc3 Bg7 4. e4 d6 5. Be2 O-O 6. Nf3 Na6 7. O-O Qe8 8. Re1
e5 9. d5 Nc5 10. Bf1 a5 11. Qc2 Bg4 12. Nd2 Nh5 13. g3 Bh6 14. Bg2 Bd7 15. Nb3
Bxc1 16. Nxc5 Bh6 17. Nxd7 Qxd7 18. Qe2 Bg5 19. h4 Bd8 20. Bf3 Ng7 21. h5 h6
22. Kg2 Qe7 23. Rh1 g5 24. Bg4 f5 25. exf5 Nxf5 26. Qe4 Qh7 27. f3 Rb8 28. Rad1
Nd4 29. Rhe1 c6 30. Rd2 Qxe4 31. Rxe4 Bb6 32. b3 Bc5 33. Ne2 cxd5 34. cxd5 Bb4
35. Rb2 Nf5 36. Rc2 Bc5 37. Kh3 Kg7 38. a4 b5 39. Bxf5 Rxf5 40. Kg4 Rf7 41.
axb5 Rxb5 42. Nc1 Ba3 43. Rec4 Rxd5 44. Ne2 Bc5 45. R4c3 Rb7 46. Kf5 Kf7 47.
Nc1 Re7 48. Ke4 Rd4+ 49. Ke3 Rd1+ 50. Ke2 Rg1 51. g4 e4 0-1

[Event "II Aberto do Brasil de Maringa id. fide 69253 id. 
[Site "Maringa - Parana - Brasil"]
[Date "2012.08.10"]
[Round "5"]
[Board "27"]
[White "DE OLIVEIRA, Francemir Barra"]
[Black "MOREIRA, Ronaldo Alonso"]
[Result "0-1"]
[WhiteElo "1739"]
[BlackElo "2022"]
[PlyCount "56"]
[EventDate "2012.08.08"]
[EventRounds "9"]
[EventCountry "BRA"]

1. e4 d6 2. d4 e5 3. Nf3 Nd7 4. Bc4 c6 5. c3 b5 6. Bb3 Bb7 7. Qe2 a6 8. O-O Be7
9. Rd1 Qc7 10. Ng5 Bxg5 11. Bxg5 Ngf6 12. Nd2 O-O 13. f4 Rfe8 14. f5 exd4 15.
cxd4 c5 16. dxc5 Qxc5+ 17. Be3 Qe5 18. Qf1 Nxe4 19. Nxe4 Qxe4 20. Bd4 Ne5 21.
Qf2 Nd3 22. Rxd3 Qxd3 23. Rd1 Qe4 24. Qg3 g6 25. Qg5 Rac8 26. h3 Rc7 27. Kh2 h6
28. Qxh6 Qxg2# 0-1

[Event "II Aberto do Brasil de Maringa id. fide 69253 id. 
[Site "Maringa - Parana - Brasil"]
[Date "2012.08.10"]
[Round "5"]
[Board "28"]
[White "DESTE, Dayan Kuhn"]
[Black "CUSTODIO, Leandro"]
[Result "1-0"]
[WhiteElo "1945"]
[BlackElo "2014"]
[PlyCount "71"]
[EventDate "2012.08.08"]
[EventRounds "9"]
[EventCountry "BRA"]

1. e4 d6 2. d4 Nf6 3. Nc3 g6 4. f4 Bg7 5. Nf3 O-O 6. e5 dxe5 7. fxe5 Nd5 8. Bc4
Nxc3 9. bxc3 Bg4 10. O-O e6 11. h3 Bxf3 12. Qxf3 c6 13. Ba3 Nd7 14. Bxf8 Qxf8
15. Rab1 Rb8 16. Rf2 Qe7 17. a4 Nb6 18. Bb3 c5 19. a5 Nd7 20. Ba4 b6 21. Qc6
Rd8 22. Rbf1 Nb8 23. Qb5 cxd4 24. Rxf7 Qg5 25. axb6 Qe3+ 26. Kh1 a6 27. Qc4
Qxe5 28. Qc7 Qxc7 29. bxc7 Rc8 30. cxb8=Q Rxb8 31. cxd4 Bxd4 32. Re7 Be5 33.
Re8+ Rxe8 34. Bxe8 a5 35. Bd7 a4 36. Bxa4 1-0

[Event "II Aberto do Brasil de Maringa id. fide 69253 id. 
[Site "Maringa - Parana - Brasil"]
[Date "2012.08.10"]
[Round "5"]
[Board "29"]
[White "SOUZA NEVES, Andrey M"]
[Black "FISCHER JUNIOR, Donaldo"]
[Result "1-0"]
[WhiteElo "2140"]
[BlackElo "1820"]
[PlyCount "83"]
[EventDate "2012.08.08"]
[EventRounds "9"]
[EventCountry "BRA"]

1. Nf3 Nc6 2. d4 d5 3. Bf4 Nf6 4. c4 dxc4 5. e3 Bf5 6. Bxc4 Nd5 7. Bg3 e6 8.
O-O a6 9. Nc3 Nxc3 10. bxc3 Bd6 11. Bh4 Be7 12. Bg3 O-O 13. a4 Na5 14. Ba2 h6
15. Qe2 Be4 16. Nd2 Bc6 17. Bb1 Bd6 18. f4 g6 19. e4 Kg7 20. e5 Be7 21. Bf2 b6
22. Be3 Bb7 23. Ba2 Rc8 24. g4 c5 25. f5 gxf5 26. gxf5 Rg8 27. Rf3 Bxf3 28.
Qxf3 exf5 29. Qxf5 c4 30. Kf2 Bg5 31. Ne4 Bxe3+ 32. Kxe3 Kf8 33. Rf1 Rc7 34.
Qh5 Rh8 35. Rf6 Qd5 36. Rd6 Qa8 37. Qh4 Nb7 38. Rxh6 Rxh6 39. Qxh6+ Ke7 40.
Qf6+ Kd7 41. Qxf7+ Kc8 42. Qe8+ 1-0

[Event "II Aberto do Brasil de Maringa id. fide 69253 id. 
[Site "Maringa - Parana - Brasil"]
[Date "2012.08.10"]
[Round "5"]
[Board "30"]
[White "COSTA, Samir Hejazi"]
[Black "ARANHA FILHO, Alvaro Z"]
[Result "0-1"]
[WhiteElo "1955"]
[BlackElo "2292"]
[PlyCount "50"]
[EventDate "2012.08.08"]
[EventRounds "9"]
[EventCountry "BRA"]

1. d4 d5 2. Nf3 c6 3. c4 Nf6 4. cxd5 cxd5 5. Nc3 Nc6 6. g3 Ne4 7. Bg2 Nxc3 8.
bxc3 g6 9. O-O Bg7 10. c4 O-O 11. e3 Bf5 12. Nh4 Be6 13. Rb1 Qd7 14. Ba3 Na5
15. Bb4 Nxc4 16. a4 g5 17. Nf3 Bf5 18. Ra1 h6 19. Nd2 Rfc8 20. Nxc4 Rxc4 21.
Re1 e6 22. Bf1 Rc7 23. Rc1 Rac8 24. Bc5 Rxc5 25. dxc5 Rxc5 {Ilegivel.
ConcluÃ­da no lance 45.} 0-1

[Event "II Aberto do Brasil de Maringa id. fide 69253 id. 
[Site "Maringa - Parana - Brasil"]
[Date "2012.08.10"]
[Round "5"]
[Board "32"]
[White "ZALLIO, Luciano Souza"]
[Black "MARTINS, Anderson Donay"]
[Result "1-0"]
[WhiteElo "2138"]
[BlackElo "1936"]
[PlyCount "67"]
[EventDate "2012.08.08"]
[EventRounds "9"]
[EventCountry "BRA"]

1. e4 c5 2. Nf3 d6 3. d4 cxd4 4. Nxd4 Nf6 5. Nc3 a6 6. Bg5 e6 7. f4 Be7 8. Qf3
Qc7 9. O-O-O O-O 10. Bd3 Nc6 11. Nb3 b5 12. Rde1 b4 13. Nd1 a5 14. Kb1 Ba6 15.
Nf2 a4 16. Nd2 Rfb8 17. Bxa6 Rxa6 18. Qd3 Ra7 19. Re3 Na5 20. Rh3 Nb7 21. e5
dxe5 22. Bxf6 Bxf6 23. Qxh7+ Kf8 24. Nde4 Rc8 25. c3 exf4 26. Nxf6 gxf6 27.
Qh6+ Ke7 28. Ng4 Rf8 29. Rd3 a3 30. Qxf6+ Ke8 31. b3 Ra8 32. Qg5 f6 33. Nxf6+
Rxf6 34. Qxf6 1-0

[Event "II Aberto do Brasil de Maringa id. fide 69253 id. 
[Site "Maringa - Parana - Brasil"]
[Date "2012.08.10"]
[Round "5"]
[Board "33"]
[White "DEUS FILHO, Joaquim De"]
[Black "DA SILVA, Daniel Leite"]
[Result "1-0"]
[WhiteElo "2116"]
[BlackElo "1934"]
[PlyCount "43"]
[EventDate "2012.08.08"]
[EventRounds "9"]
[EventCountry "BRA"]

1. e4 c5 2. Nc3 a6 3. a4 e6 4. g3 b6 5. Bg2 Bb7 6. d3 Be7 7. f4 Nf6 8. Nf3 d6
9. O-O Ra7 10. h3 Nc6 11. g4 h6 12. Ne2 Nd7 13. c3 Na5 14. Ng3 c4 15. dxc4 Nxc4
16. Nh5 Kf8 17. Qd4 Nce5 18. fxe5 dxe5 19. Qd3 Qc7 20. b4 g6 21. Ng3 a5 22. Rd1
1-0

[Event "II Aberto do Brasil de Maringa id. fide 69253 id. 
[Site "Maringa - Parana - Brasil"]
[Date "2012.08.10"]
[Round "5"]
[Board "34"]
[White "AOYAMA, Edmundo"]
[Black "FARIAS, Sergio Roberto Alves"]
[Result "1-0"]
[WhiteElo "1915"]
[BlackElo "2101"]
[PlyCount "115"]
[EventDate "2012.08.08"]
[EventRounds "9"]
[EventCountry "BRA"]

1. Nf3 d6 2. d4 g6 3. b3 Bg7 4. Bb2 c5 5. e3 Nc6 6. Be2 cxd4 7. exd4 Bg4 8. h3
Bxf3 9. Bxf3 d5 10. O-O e6 11. c3 Nge7 12. Nd2 O-O 13. Re1 b5 14. b4 a5 15. a3
a4 16. Be2 Qb6 17. Nf3 Nf5 18. Bd3 Nd6 19. Bc1 Ra7 20. Bf4 Nc8 21. Qd2 Re8 22.
Ne5 f6 23. Nxc6 Qxc6 24. Rac1 e5 25. dxe5 fxe5 26. Be3 Rb7 27. Bc5 Nd6 28. Bxd6
Qxd6 29. c4 Qf8 30. cxd5 Bh6 31. Qc2 Bxc1 32. Rxc1 Qf4 33. Qc6 Rf8 34. Rf1 Rbf7
35. Bxb5 e4 36. Qe6 Kg7 37. Qb6 Rb8 38. Qd4+ Kh6 39. Bc6 g5 40. d6 Qh4 41. d7
g4 42. Qd6+ Rf6 43. Qxb8 gxh3 44. Qg3 Qxg3 45. fxg3 Rxf1+ 46. Kxf1 h2 47. d8=Q
h1=Q+ 48. Kf2 e3+ 49. Kxe3 Qe1+ 50. Kf4 Qc1+ 51. Kf5 Qc2+ 52. Be4 Qf2+ 53. Bf3
Qc2+ 54. Kg4 Qg6+ 55. Kh3 Qe6+ 56. Kh2 Kg7 57. Qd4+ Kh6 58. Qh4+ 1-0

[Event "II Aberto do Brasil de Maringa id. fide 69253 id. 
[Site "Maringa - Parana - Brasil"]
[Date "2012.08.10"]
[Round "5"]
[Board "36"]
[White "RIBEIRO, Sheridan Luiz Telles"]
[Black "BARBOSA, Jefferson Lucas Munhoz"]
[Result "1-0"]
[WhiteElo "2064"]
[BlackElo "1829"]
[PlyCount "105"]
[EventDate "2012.08.08"]
[EventRounds "9"]
[EventCountry "BRA"]

1. c4 Nf6 2. g3 c5 3. Bg2 Nc6 4. Nc3 e6 5. Nf3 d5 6. cxd5 exd5 7. d4 cxd4 8.
Nxd4 Bc5 9. Be3 Bb4 10. Rc1 h6 11. O-O O-O 12. Qb3 Qb6 13. Nxd5 Nxd5 14. Bxd5
Ne7 15. Bg2 Bd6 16. Bf3 Be5 17. a3 Qa6 18. Rfd1 Qf6 19. Rd2 Rb8 20. Kg2 a6 21.
Qd1 g5 22. b4 Qg7 23. h3 Kh8 24. Nb3 Ng6 25. Bd4 f5 26. Bh5 Ne7 27. Bxe5 Qxe5
28. Rd8 Be6 29. Rxb8 Rxb8 30. Qd4 Nc6 31. Qxe5+ Nxe5 32. Nd4 Bd5+ 33. Bf3 Nxf3
34. exf3 Rf8 35. Rc5 Rd8 36. Nxf5 h5 37. Ne7 Bf7 38. Rxg5 Rd3 39. Ng6+ Bxg6 40.
Rxg6 Rxa3 41. Rb6 Rb3 42. Rxb7 a5 43. b5 a4 44. b6 a3 45. Ra7 Rxb6 46. Rxa3 Kh7
47. Ra5 Kh6 48. g4 hxg4 49. fxg4 Kg6 50. h4 Rf6 51. Kg3 Kg7 52. h5 Kh6 53. Kh4
1-0